[Event "32nd Reykjavik Open 2017"]
[Site "Reykjavik"]
[Date "2017.04.26"]
[Round "9"]
[White "Tarjan, James E"]
[Black "Thorfinnsson, Bragi"]
[Result "1/2-1/2"]
[WhiteElo "2414"]
[BlackElo "2457"]
[Annotator "TA"]
[PlyCount "92"]
[EventDate "2017.??.??"]
[EventType "swiss"]
[EventCountry "ISL"]
[SourceTitle "playchess.com"]
[Source "ChessBase"]
[SourceQuality "1"]

{[%evp 15,92,0,0,0,61,28,36,33,31,0,11,-26,31,17,47,47,36,46,79,67,70,65,54,17,65,12,20,14,18,21,47,45,106,111,93,82,90,30,27,8,60,11,11,0,0,0,0,0,0,0,0,0,0,0,0,0,0,0,15,9,39,0,0,0,0,-8,-8,-19,-24,-32,0,0,-3,-14,0,0,0,-16,0]} 1. c4 c5 2. g3 g6 3. Bg2 Nc6 4. Nc3 Bg7 5. Nf3 d6 6. O-O Bf5 7. h3 {A37: Symmetrical English vs ...g6: 4 Bg2 Bg7 5 Nf3} (7. b3 Qd7 8. Bb2 Bh3 9. e3 Bxg2 10. Kxg2 Nf6 11. Nd5 O-O 12. Bxf6 exf6 13. d4 Rad8 14. Qc2 Ne7 15. Nxe7+ Qxe7 {1-0 (48) Banusz,T (2616)-Ragger,M (2682) Graz 2016}) 7... Qd7 8. Kh2 e5 {LiveBook: 4 Games} 9. d3 h5 (9... h6 $11) 10. e4 $146 (10. Nd5 Nge7 11. Nh4 Be6 12. Bg5 Ng8 13. Bd2 Nd4 14. Rb1 Nf5 15. Nxf5 gxf5 {1-0 (23) Gosztolya,F (2218)-Kovacs,G (2168) Hungary 2000}) 10... Be6 11. Ng5 h4 12. Nxe6 fxe6 13. g4 {[%cal Bg3g4,Bg4g5][%mdl 32]} Nge7 ({Black should play} 13... Nh6 $11) 14. Ne2 Bf6 15. g5 $1 {[%cal Rg5f6]} Bg7 16. Bf3 d5 17. exd5 exd5 18. cxd5 Nxd5 19. Qb3 Rd8 (19... e4 $6 20. dxe4 (20. Bxe4 O-O-O $16) 20... Nb6 21. Rd1 $16 (21. Bf4 c4 22. Qe3 O-O $16)) 20. Nc3 (20. Be4 $14) 20... Nde7 $1 $11 (20... e4 $6 21. Bxe4 Nde7 22. Be3 $16) 21. Be3 b6 22. Be4 Nd4 23. Qc4 b5 ({Black should try} 23... Rf8 $14) 24. Qxc5 $16 Rc8 25. Qa3 O-O 26. Kg2 (26. Rac1 $16) 26... Nef5 $11 27. Rac1 Kh7 (27... Nxe3+ $11 28. fxe3 Nf5 29. Bxf5 Rxf5) 28. Qa6 {next Nd5 is good for White.} Nxe3+ 29. fxe3 Nf5 30. Nd5 {[#] Hoping for Rxc8.} ({Of course not} 30. Nxb5 Rxc1 31. Rxc1 Qd8 32. Bxf5 (32. Qxa7 Qxg5+ 33. Kh2 Qg3+ 34. Kh1 Nxe3 35. Qxe3 Qxe3 36. Rd1 Qxh3+ 37. Kg1 Qg3+ 38. Kh1 Rf2 39. Bxg6+ Kxg6 40. Rg1 Rh2#) 32... Rxf5 $19) 30... Rxc1 31. Rxc1 {Black must now prevent Rc6.} Qd8 32. Nf6+ $1 Bxf6 33. Bxf5 gxf5 34. gxf6 Rxf6 {[%mdl 4096] Endgame KQR-KQR} (34... Rg8+ $5 35. Kf2 $8 Qxd3 36. Rc7+ (36. Qxa7+ $2 Kh6 37. Re1 Qe4 38. Qg7+ Rxg7 $19) 36... Kh8 $11) 35. Qb7+ Kh6 36. Rc8 ({Wrong is} 36. Qxb5 $2 Rg6+ 37. Kf2 Qg5 $19) 36... Rg6+ 37. Kf2 Qf6 38. Qa8 e4 39. d4 Qd6 {[#] ( -> ...Qh2+)} 40. Rh8+ Kg5 41. Qb8 Qxb8 42. Rxb8 Rc6 43. Rxb5 {The position is equal.} Rc2+ 44. Kg1 Rc1+ (44... Re2 $5 45. Rb3 $8 a6 $11) 45. Kf2 Rc2+ 46. Kg1 Rc1+ (46... Re2 $5 47. Rb3 $8 a6 $11) 1/2-1/2

[Event "32nd Reykjavik Open 2017"]
[Site "Reykjavik"]
[Date "2017.04.26"]
[Round "9"]
[White "Thorfinnsson, Bjorn"]
[Black "Ziska, Helgi Dam"]
[Result "1/2-1/2"]
[WhiteElo "2413"]
[BlackElo "2553"]
[Annotator "TA"]
[PlyCount "97"]
[EventDate "2017.??.??"]
[EventType "swiss"]
[EventCountry "ISL"]
[SourceTitle "playchess.com"]
[Source "ChessBase"]
[SourceQuality "1"]

{[%evp 21,97,0,0,-33,29,17,44,0,33,19,20,0,2,-25,-29,-30,0,-36,-15,-23,0,0,0,0,4,0,75,74,77,76,64,77,82,93,60,66,87,0,0,0,0,0,0,0,0,0,0,0,0,0,0,0,0,0,0,0,0,0,0,0,0,0,0,0,0,0,0,0,0,0,0,0,0,0,0,0,0,0]} 1. c4 g6 2. Nf3 Bg7 3. Nc3 Nf6 4. d4 d6 5. h3 O-O 6. Bf4 Nbd7 7. e3 b6 8. Be2 Bb7 9. O-O Ne4 10. Nxe4 Bxe4 11. Nd2 {E61: King's Indian: Early deviations for White, including Smyslov System} Bb7 {LiveBook: 15 Games} 12. Qc2 c5 $146 (12... e5 $15 13. dxe5 dxe5) (12... e5 13. dxe5 Nxe5 14. Bxe5 Bxe5 15. Bf3 c6 16. Rfd1 Qc7 17. Rab1 {0-1 (27) Fuentes Inzunza,L (1868)-Henriquez Villagra,C (2535) Antofagasta 2017}) 13. d5 $11 {White has an edge.} Qc7 14. a4 Nb8 {[%cal Bd7b8,Bb8a6,Ba6b4][%mdl 32]} 15. e4 e5 16. Bg3 Na6 17. f4 exf4 18. Bxf4 Rae8 19. a5 Nb4 20. axb6 axb6 (20... Nxc2 $6 21. bxc7 Nxa1 22. Rxa1 $16) 21. Qb3 Bc8 22. Ra8 f5 23. Qg3 Be5 (23... Bd4+ $11 {remains equal.} 24. Kh2 Be5) 24. Bxe5 $16 Rxe5 25. exf5 $1 Rxe2 (25... Qb7 26. Rfa1 Bxf5 27. R8a7 $16) 26. fxg6 Rxf1+ 27. Kxf1 Re8 ({Not} 27... Rxd2 $2 28. Qg4 hxg6 29. Rxc8+ Qxc8 30. Qxc8+ Kh7 31. Qc7+ Kh6 32. Qxb6 $18) 28. gxh7+ Kh8 {[#]} 29. Ne4 $1 {[%mdl 512]} (29. Kg1 $6 Qe7 $11) (29. Qg6 $1 $16 {[%cal Rg6e8]} Qe7 {[#]} 30. Ne4 $1 {[%mdl 512]}) 29... Qf7+ $11 {The position is equal.} (29... Rxe4 30. Qg8#) 30. Kg1 Rxe4 31. Rxc8+ Re8 32. Rxe8+ Qxe8 33. Qxd6 Kxh7 34. Qc7+ Kh8 35. Qf4 Nd3 36. Qh4+ Kg7 37. Qg5+ Qg6 38. Qe7+ Qf7 39. Qg5+ Qg6 40. Qe7+ Qf7 41. Qe2 Nf4 42. Qg4+ Kh6 43. h4 Qf6 44. b3 Qd4+ 45. Kh2 Qe5 {...Nxd5+ is the strong threat.} 46. Qg3 Kh7 47. Kh1 $1 ({Reject} 47. Qg5 Qxg5 48. hxg5 Kg6 $17) 47... Qa1+ 48. Kh2 Qe5 49. Kh1 $1 ({Much worse is} 49. Qg5 Qxg5 50. hxg5 Kg6 $17) 1/2-1/2

[Event "32nd Reykjavik Open 2017"]
[Site "Reykjavik"]
[Date "2017.04.26"]
[Round "9"]
[White "Timmermans, Mark"]
[Black "Christiansen, Johan-Sebastian"]
[Result "1/2-1/2"]
[WhiteElo "2385"]
[BlackElo "2429"]
[Annotator "TA"]
[PlyCount "59"]
[EventDate "2017.??.??"]
[EventType "swiss"]
[EventCountry "ISL"]
[SourceTitle "playchess.com"]
[Source "ChessBase"]
[SourceQuality "1"]

{[%evp 8,59,14,-2,6,-13,-9,-11,0,0,-7,-16,-11,-16,14,0,0,0,0,0,-10,-4,0,0,0,0,0,0,0,0,0,0,0,0,0,0,0,0,0,0,0,0,0,0,0,0,0,0,0,0,0,0,0,-17]} 1. e4 e5 2. d4 exd4 3. c3 d5 4. exd5 Qxd5 5. cxd4 {The position is equal.} Nc6 {C21: Danish Gambit} 6. Be3 (6. Nf3 Bg4 7. Be2 Bb4+ 8. Nc3 Bxf3 9. Bxf3 Qc4 10. Qb3 Qxb3 11. Bxc6+ bxc6 12. axb3 Ne7 13. Ra6 c5 14. dxc5 Bxc5 15. Bf4 O-O-O 16. O-O Kb7 17. Ra4 Nd5 18. Ra5 Nxc3 19. bxc3 {0-1 (32) Rombaldoni,A (2527)-Georgiev,K (2648) Padova 2013}) 6... Bb4+ 7. Nc3 Qa5 8. Qb3 Nf6 {[%cal Bg8f6,Bf6e4,Be4c3,Bc3d1][%mdl 32] Threatening ...Nd5.} 9. Bc4 O-O 10. Nf3 Bg4 $146 {[#]} (10... Qh5 11. O-O Bd6 12. Be2 Ng4 13. h3 Nxe3 14. fxe3 {0-1 (29) Nepustil,F (2324)-Cottegnie,F (2373) ICCF email 2006}) 11. Ne5 $1 {[%mdl 512]} Nxe5 12. dxe5 Ne4 {[%cal Re4c3]} 13. O-O Nxc3 14. a3 $132 {[%mdl 2048] White puts up resistance (2)} Nd1 15. Qxb4 Qxb4 16. axb4 Nxe3 17. fxe3 a6 18. b5 {[%cal Rb5a6]} Be6 19. Bxe6 fxe6 20. Rfc1 axb5 21. Rxa8 Rxa8 22. Rxc7 $11 {[%mdl 4096] Endgame KR-KR} Ra1+ 23. Kf2 Ra2 24. Rxb7 Rxb2+ 25. Kf3 Kf8 26. Rb8+ Kf7 27. Rb7+ Kf8 28. Rb8+ Kf7 29. Rb7+ Kf8 30. Ke4 1/2-1/2

[Event "32nd Reykjavik Open 2017"]
[Site "Reykjavik"]
[Date "2017.04.27"]
[Round "10"]
[White "Giri, Anish"]
[Black "L'Ami, Erwin"]
[Result "1-0"]
[WhiteElo "2771"]
[BlackElo "2614"]
[Annotator "TA"]
[PlyCount "59"]
[EventDate "2017.??.??"]
[EventType "swiss"]
[EventCountry "ISL"]
[SourceTitle "playchess.com"]
[Source "ChessBase"]
[SourceQuality "1"]

{[%evp 9,59,1,27,11,22,20,15,8,16,21,25,0,0,5,85,65,71,68,87,83,83,83,127,114,115,124,252,256,254,152,152,152,150,100,393,410,408,410,390,391,405,399,418,391,578,562,573,565,636,620,610,606]} 1. Nf3 Nf6 2. d4 e6 3. g3 b5 4. Bg5 {A46: 1 d4 Nf6 2 Nf3 e6: Torre, London and Colle Systems} Bb7 5. Nbd2 d5 {LiveBook: 3 Games} 6. e3 {White has an edge.} a6 7. a4 $146 (7. Bd3 c5 8. c3 Nbd7 9. O-O Qb6 10. Bxf6 Nxf6 11. Re1 Rd8 {½-½ (89) Gurevich,D (2368)-Grigoryan,K (2590) Montcada 2015}) 7... b4 8. Nb3 Nbd7 9. Na5 Qc8 10. Bxf6 Nxf6 11. c4 dxc4 (11... bxc3 $1 $11 {keeps the balance.} 12. bxc3 c5) 12. Nxb7 ({Much worse is} 12. Nxc4 $6 Be7 $11) 12... Qxb7 13. Bg2 c3 14. bxc3 bxc3 15. O-O {Ne5 is the strong threat.} Bb4 16. Ne5 {[%cal Bf3e5,Be5c6,Bc6b4][%mdl 32]} Nd5 17. a5 $1 {Strongly threatening Rb1.} Rb8 (17... Rc8 $16 {was worth a try.}) 18. Qa4+ $1 $18 Qb5 {[#]} 19. Bxd5 ({White has to play} 19. Nc6 $1 $18 {[%cal Rc6b8]} O-O 20. Rfc1 (20. Nxb8 Rxb8 21. Rfc1 c5 $16)) 19... exd5 $16 {[#]} 20. Nc6 $1 $36 {[%cal Rc6b8][%mdl 2048] White is in control.} O-O 21. Rfb1 Qc4 $2 {[%mdl 8192]} (21... Qxa4 $16 {was called for.} 22. Rxa4 Rb5) 22. Rxb4 $18 Rxb4 23. Nxb4 Rb8 24. Nc2 Qe2 25. Ne1 h6 26. Qc2 Qc4 (26... Qxc2 {keeps fighting.} 27. Nxc2 Rb2) 27. Nd3 {White is clearly winning.} ({Not} 27. Ra3 Rb2 28. Qd3 (28. Qxc3 Qe2 29. Nd3 Rb1+ 30. Nc1 Qd1+ 31. Kg2 Rxc1 $19) 28... c2 29. Qxc4 dxc4 $16) 27... Rb3 28. Kg2 g6 29. Nc5 Rb2 30. Qd3 1-0

[Event "32nd Reykjavik Open 2017"]
[Site "Reykjavik"]
[Date "2017.04.27"]
[Round "10"]
[White "Movsesian, Sergei"]
[Black "Yilmaz, Mustafa"]
[Result "1-0"]
[WhiteElo "2677"]
[BlackElo "2614"]
[Annotator "TA"]
[PlyCount "111"]
[EventDate "2017.??.??"]
[EventType "swiss"]
[EventCountry "ISL"]
[SourceTitle "playchess.com"]
[Source "ChessBase"]
[SourceQuality "1"]

{[%evp 23,111,0,0,0,0,0,0,0,0,2,6,0,2,6,2,12,0,0,11,0,0,0,6,0,0,0,18,0,0,12,49,49,49,48,48,48,46,43,44,43,55,52,71,73,101,79,76,60,61,66,109,96,112,87,174,117,164,100,108,120,120,120,227,220,260,254,250,248,245,212,302,279,4132,2464,2767,2708,2665,2446,2242,2263,1870,1485,1110,185,1155,1142,1017,852,5306,637]} 1. e4 c5 2. Nf3 d6 3. d4 cxd4 4. Nxd4 Nf6 5. Nc3 a6 6. a4 e5 7. Nf3 Be7 8. Bg5 Be6 {B90: Sicilian Najdorf: Unusual White 6th moves, 6 Be3 Ng4 and 6 Be3 e5} 9. Bxf6 Bxf6 10. Nd5 Nd7 ({Relevant:} 10... Nc6 11. Bc4 Rc8 12. O-O Ne7 13. b3 Nxd5 14. Bxd5 Bxd5 15. Qxd5 Rxc2 16. Qxb7 {½-½ (27) Movsesian,S (2679)-Bok,B (2596) Moscow 2017}) 11. Bc4 Rc8 12. Qe2 Nb6 {LiveBook: 3 Games} 13. Nxf6+ Qxf6 14. Bxe6 Qxe6 15. O-O O-O 16. Rfd1 Nd7 17. Rd2 Nf6 18. b3 Rc3 19. Rad1 Rd8 20. Rd3 $146 ({Predecessor:} 20. Ne1) 20... Rxd3 21. Rxd3 Qc8 22. c4 Qc5 23. Rd1 Kf8 24. Qd3 Ke7 25. Ne1 {[%cal Bf3e1,Be1c2,Bc2e3][%mdl 32]} Qc6 26. f3 Rc8 27. Nc2 b5 28. axb5 axb5 29. Ne3 (29. cxb5 Qxc2 30. Qxd6+ Ke8 31. Qxe5+ Kf8 32. Qd6+ Kg8 $17) 29... bxc4 30. Nxc4 Qc5+ 31. Kh1 {[%cal Rc4d6]} Rd8 32. h3 g6 33. Qd2 Qb5 34. Qe3 Rd7 35. Rd3 Ke6 36. Qg5 Qc5 37. Kh2 h5 38. Rd1 Qc7 (38... Qb4 $16) 39. Ra1 (39. Ne3 $18 {Threatens to win with f4.} Qb7 40. Nd5) 39... Qd8 {Hoping for ...Ng4+!} 40. Kh1 (40. Qc1 $18) 40... Ne8 $16 41. Qe3 Rb7 42. Ra6 $40 {[%mdl 128] And now Qc5 would win. White wants a kill.} Qb8 (42... Rb5 $16 {was worth a try.}) 43. Qc5 $1 $18 {[%cal Rc5e5]} Ke7 {[#]} 44. Nxd6 $1 Nxd6 45. Qxe5+ Kd7 {[#]} 46. Qd5 $1 Rxb3 {[#]} ({Reject} 46... Rb6 $6 47. Rxb6 (47. Ra8 Qb7 48. Qa5 Ke6 $17) 47... Qxb6 48. e5 $16) (46... Ke7 $142) 47. Rxd6+ $1 {[%mdl 4608] Endgame KQR-KQR} Ke8 $2 (47... Qxd6 48. Qxf7+ (48. Qxb3 Ke7 $16) 48... Kd8 49. Qxb3 Qf6 50. Qb8+ Ke7 51. Qc7+ Ke8) 48. Qe5+ Kf8 49. Qh8+ Ke7 50. Qf6+ Ke8 51. e5 Qc7 52. Kh2 Rb8 53. Qh8+ Ke7 54. Qg7 {White is clearly winning.} Rb5 55. f4 Rb2 56. Rxg6 (56. Qf6+ $142 Ke8 57. e6) 1-0

[Event "32nd Reykjavik Open 2017"]
[Site "Reykjavik"]
[Date "2017.04.27"]
[Round "10"]
[White "Vidit, Santosh Gujrathi"]
[Black "Van Foreest, Jorden"]
[Result "0-1"]
[WhiteElo "2670"]
[BlackElo "2584"]
[Annotator "TA"]
[PlyCount "78"]
[EventDate "2017.??.??"]
[EventType "swiss"]
[EventCountry "ISL"]
[SourceTitle "playchess.com"]
[Source "ChessBase"]
[SourceQuality "1"]

{[%evp 6,78,22,15,15,18,18,15,20,5,10,7,33,5,5,20,16,9,19,20,14,-10,75,81,77,52,49,56,55,4,17,0,0,0,0,0,20,-120,-104,-173,-176,-145,-157,-173,-166,-201,-201,-200,-193,-195,-192,-186,-184,-193,-188,-313,-312,-355,-351,-360,-364,-331,-267,-372,-367,-833,-421,-631,-639,-561,-461,-611,-610,-1043,-1010]} 1. Nf3 d5 2. g3 g6 3. Bg2 Bg7 4. d4 Nd7 {D02: 1 d4 d5 2 Nf3 sidelines, including 2...Nf6 3 g3 and 2...Nf6 3 Bf4} 5. a4 $146 ({Predecessor (48):} 5. O-O Ngf6 6. c4 dxc4 7. a4 a5 8. Qc2 Nb6 9. e4 O-O 10. Rd1 c6 11. Na3 Be6 12. h3 {½-½ (57) Ding,L (2759)-Giri,A (2769) Shenzhen 2017}) 5... a5 6. O-O Ngf6 {The position is equal.} 7. Na3 {[%cal Bb1a3,Ba3c4,Bc4e5][%mdl 32]} O-O 8. c4 c6 9. Bf4 dxc4 10. Nxc4 Nb6 11. Nce5 Ne4 12. Qc1 Nd6 13. Re1 Be6 (13... Bf5 $11 {keeps the balance.}) 14. e4 $16 Ndc4 15. Qc3 (15. Nxc4 $5 {looks sharper.} Nxc4 16. b3 Nd6 17. Rb1 Qb6 18. Be3) 15... Nxe5 16. Bxe5 Bxe5 17. dxe5 (17. Nxe5 $14 Qd6 18. Red1) 17... Qc7 $11 18. Ng5 Nd7 {[%cal Bb6d7,Bd7e5,Be5d3][%mdl 32]} 19. f4 Qb6+ 20. Kh1 Qb4 21. Qf3 (21. Rec1 $11) 21... Rad8 $1 $17 (21... Qxb2 22. Nxe6 fxe6 23. Bh3 Nxe5 24. Bxe6+ Nf7 25. Rab1 $16) 22. f5 (22. Qe3 $17 {was called for.}) 22... Nxe5 $19 23. Qf4 Nd3 ({Don't choose} 23... Qxb2 $2 24. Rab1 (24. fxe6 f6 25. Reb1 Qc2 $16) 24... Qc3 25. fxe6 $18) 24. Qh4 {[%csl Gg5][%cal Rh4h7]} h5 25. Rf1 {[#]} Bc4 $1 26. g4 Qxb2 27. gxh5 {Strongly threatening f6!} gxf5 $40 {[%mdl 128] White is in trouble.} 28. Rab1 {[#]} Qd4 $1 29. Rxf5 f6 30. Nh3 (30. Nf3 {was the only defense.} Qxe4 31. Qxe4 (31. Rg5+ $2 fxg5 32. Qxe4 Nf2+ 33. Kg1 Nxe4 $19) 31... Nf2+ 32. Kg1 Nxe4 33. Rxa5) 30... b5 31. axb5 cxb5 32. Nf2 Nxf2+ 33. Rxf2 Kh8 34. Qf4 Rf7 {[%cal Bf8f7,Bf7g7,Bg7g2][%mdl 32]} 35. Bh3 $2 (35. Bf1 Rg7 36. Bxc4 bxc4 37. Qh6+ Kg8 38. Qf4) 35... Rg7 {Black is clearly winning.} 36. Bf5 {[#]} (36. Bf1 $142 Bxf1 37. Rfxf1) 36... Qd1+ $1 {[%mdl 512]} 37. Rf1 {Intending Qh6+ and mate.} (37. Rxd1 Rxd1+) 37... Qd2 {( -> ...Qg2#)} 38. Qxd2 Rxd2 39. Rfc1 Rgg2 0-1

[Event "32nd Reykjavik Open 2017"]
[Site "Reykjavik"]
[Date "2017.04.27"]
[Round "10"]
[White "Kamsky, Gata"]
[Black "Can, Emre"]
[Result "1-0"]
[WhiteElo "2668"]
[BlackElo "2578"]
[Annotator "TA"]
[PlyCount "241"]
[EventDate "2017.??.??"]
[EventType "swiss"]
[EventCountry "ISL"]
[SourceTitle "playchess.com"]
[Source "ChessBase"]
[SourceQuality "1"]

{[%evp 15,241,0,2,0,0,0,8,11,11,0,6,0,14,0,35,17,22,19,22,19,17,0,0,0,90,27,35,39,10,0,0,0,16,5,33,0,0,0,14,0,0,0,37,32,27,24,31,16,40,11,39,7,12,24,39,39,39,39,39,38,39,8,39,39,39,39,39,7,6,0,0,0,0,0,8,0,0,0,0,0,0,0,0,0,8,8,8,8,8,8,8,8,8,8,8,8,8,8,8,8,8,8,8,5,8,0,0,0,0,0,0,0,0,0,0,0,0,0,0,0,0,0,0,0,0,0,0,0,0,0,6,0,0,0,0,0,0,0,0,0,0,0,8,8,8,8,8,8,8,8,8,8,8,0,0,0,8,0,8,0,8,0,8,0,0,0,0,0,0,0,0,0,8,0,0,0,0,0,0,0,13,13,55,55,55,55,56,56,56,56,56,37,63,63,63,63,275,275,405,393,375,373,332,333,552,537,468,492,441,439,406,435,431,420,390,387,29981,29982,29983,29984,29984,29984,29984,29985,29985,29986,29990,29991]} 1. e4 c5 2. Nf3 d6 3. d4 cxd4 4. Nxd4 Nf6 5. Nc3 a6 6. a4 e5 7. Nf3 Be7 8. Bc4 Be6 {LiveBook: 27 Games} 9. Ba2 {B90: Sicilian Najdorf: Unusual White 6th moves, 6 Be3 Ng4 and 6 Be3 e5} (9. Bb3 h6 10. O-O O-O 11. Nh4 Nc6 12. Nf5 Bxf5 13. exf5 Nd4 14. Nd5 Nxb3 15. cxb3 Rc8 16. Be3 Rc6 {1-0 (49) Carlsen,M (2857)-Grischuk,A (2754) chess.com INT 2016}) 9... Nc6 10. O-O O-O 11. Bg5 {The position is equal.} Nb4 12. Bb3 Rc8 13. Qe2 Qc7 14. Rfd1 {[#]} Rfd8 $146 (14... h6 15. Bxf6 Bxf6 16. Ne1 Be7 {½-½ (34) Fritz,J (2446)-Schuh,G (2534) ICCF email 2008}) 15. Rd2 h6 16. Bxf6 Bxf6 17. Rad1 Be7 18. h3 Qb6 19. h4 Kh8 {[#]} (19... Rf8 $11) 20. g3 (20. Bxe6 $1 $16 fxe6 21. Nb1) 20... Bg4 21. Re1 Rf8 22. Qe3 Qxe3 23. Rxe3 Be6 24. Kg2 g5 25. Bxe6 fxe6 26. hxg5 hxg5 27. Nh2 Rc5 28. Ng4 b5 29. axb5 axb5 30. Re1 Kg7 31. Ra1 Nc6 32. Ne2 b4 33. Ra6 Rc8 34. Ne3 Na5 35. b3 R8c6 36. Ra7 Rc7 37. Rxc7 Rxc7 38. Rd1 Rc5 39. Nc1 Nc6 40. Nd3 Ra5 41. Rc1 d5 42. c3 bxc3 43. Rxc3 dxe4 44. Nb2 ({Don't play} 44. Rxc6 exd3 45. Kf3 (45. Rxe6 Kf7 46. Rb6 e4 $17) 45... Bc5 $15) 44... Rc5 45. Na4 Rxc3 46. Nxc3 $11 {[%mdl 4096] Endgame KBN-KNN} Nd4 47. Nxe4 Nxb3 48. Nc4 Kg6 49. Kf3 Kf5 50. g4+ Kg6 51. Nxe5+ Kg7 52. Nc6 Bf6 $1 53. Ke3 Kg6 54. f3 Kg7 55. Kd3 Nc1+ 56. Kd2 Nb3+ $1 57. Kc2 Na1+ 58. Kd3 Nb3 $1 59. Nb8 Kg6 60. Nd7 Bg7 61. Nec5 Nd4 62. Ke3 $1 Nc2+ 63. Ke4 Nd4 64. Nf8+ Kf7 65. Nfd7 Ke7 66. Nb6 Kd6 67. Nd3 Nb5 68. Nc4+ Ke7 69. Nf2 Kf7 70. Kd3 Nd4 71. Ke4 Nb5 72. Nh3 Kg6 73. Ne5+ Kf6 74. Nd7+ Kg6 75. Ne5+ Kf6 76. Nc6 Bf8 77. Kd3 Bg7 78. Nf2 Kg6 79. Ne4 Nc7 80. Kc4 Nd5 81. Kc5 Bf8+ 82. Kd4 {next Ne5+ is good for White.} Bg7+ 83. Ne5+ Kh6 84. Nc5 Nf4 85. Ke4 Bf8 86. Ncd7 Kg7 87. Nd3 Ng6 88. N7e5 Nh4 89. Nc6 Bd6 90. Nd4 Kf6 91. Nb5 Bf8 92. Ne5 Bb4 93. Nc7 Ba5 94. Na6 Bc3 95. Nc6 Ng6 96. Kd3 Be1 97. Nc5 {And now Ne4+ would win.} Nf4+ 98. Kc4 Bh4 99. Ne4+ Kg6 100. Kc5 $1 Kh6 101. Kd6 Be1 102. Nd8 Bb4+ 103. Kd7 e5 104. Nf7+ Kg7 105. Nxe5 {Black must now prevent Nc6.} Nh3 $2 ({Black should play} 105... Bf8 $14 106. Nxg5 Kf6) 106. Ke6 $18 Ba3 (106... Nf4+ {was necessary.} 107. Kf5 Ne2 108. Nxg5 Ng3+ 109. Ke6 Ne2) 107. Kf5 Bc1 108. Nd3 Be3 {[#]} 109. Ndc5 $1 Kh6 $2 (109... Nf4 {was worth a try.} 110. Nxg5 Bxc5 111. Kxf4 Kg6) 110. Ne6 Bc1 111. Nd6 Ng1 112. Nf7+ Kh7 113. Nfxg5+ ({Much less strong is} 113. Nexg5+ Kg8 114. Ne5 Kf8 $18) 113... Kh6 114. f4 Ne2 115. Ne4 {g5+ is the strong threat.} Kh7 $2 (115... Bb2 $18 116. g5+ Kh5 117. Nf6+ Kh4) 116. g5 {[%cal Bg4g5,Bg5g6][%mdl 32] White mates.} Bb2 117. Nf6+ Kh8 118. g6 {[%csl Ge6][%cal Rg6g7]} Ng3+ 119. Kg5 {[%csl Ge6][%cal Rg6g7]} Bxf6+ 120. Kxf6 Nh5+ 121. Ke5 1-0

[Event "32nd Reykjavik Open 2017"]
[Site "Reykjavik"]
[Date "2017.04.27"]
[Round "10"]
[White "Grandelius, Nils"]
[Black "Almasi, Zoltan"]
[Result "1/2-1/2"]
[WhiteElo "2641"]
[BlackElo "2696"]
[Annotator "TA"]
[PlyCount "87"]
[EventDate "2017.??.??"]
[EventType "swiss"]
[EventCountry "ISL"]
[SourceTitle "playchess.com"]
[Source "ChessBase"]
[SourceQuality "1"]

{[%evp 8,87,16,12,14,17,25,17,10,4,25,0,16,24,54,4,10,2,6,2,6,2,19,10,26,28,33,35,51,51,46,51,52,36,32,21,57,53,83,68,103,93,100,64,79,93,83,93,91,106,100,95,135,86,83,62,68,0,8,7,25,0,0,0,18,0,0,0,0,0,0,-7,0,-16,-14,-12,-11,-8,0,0,0,0]} 1. e4 e5 2. Nf3 Nc6 3. Nc3 Nf6 4. Bb5 Bd6 5. d3 O-O {C48: Four Knights: 4 Bb5, replies other than 4...Bb4} (5... h6 6. a3 a6 7. Bc4 Bc5 8. b4 Ba7 9. h3 d6 10. Ne2 Be6 11. Bxe6 fxe6 12. Ng3 O-O 13. c3 Qe8 14. O-O Nh5 15. Nxh5 Qxh5 {½-½ (24) Svidler,P (2741)-Yu,Y (2750) Shenzhen 2017}) 6. O-O h6 7. a3 Re8 8. Be3 Bf8 9. Nd5 d6 10. c4 Nd7 $146 (10... Bd7 11. Rc1 Ng4 12. Bd2 Nf6 {1-0 (30) Gabrielian,A (2554)-Sanal,V (2460) Moscow 2015}) 11. Re1 Ncb8 12. Ba4 c6 13. Nc3 Nc5 14. Bc2 Bg4 15. h3 Bxf3 16. Qxf3 Ne6 17. Ne2 $36 {[%mdl 2048] White has good play.} Nd7 18. Rad1 g6 19. d4 Qc7 20. Qg3 Bg7 21. b3 Nf6 22. d5 Nc5 23. Nc3 a5 24. Rb1 a4 25. Bxc5 {[#] Black must now prevent Be3.} ({Don't play} 25. Nxa4 $6 Nxa4 26. bxa4 cxd5 $11) (25. bxa4 $5 {creates asymmetry.} Ra5 26. Qf3 Rea8 27. Rb4 Nfd7 28. Qe2) 25... axb3 26. Bxd6 Qxd6 27. Rxb3 Nd7 28. Rxb7 {And now a4 would win.} Rxa3 29. Qf3 {aiming for c5.} Rf8 30. Re3 Ra1+ 31. Kh2 h5 32. dxc6 ({Better is} 32. Nb1 $14) 32... Qxc6 $11 33. Rb4 Rfa8 34. Nd5 Bf8 {The position is equal.} 35. Rb1 Bc5 36. Reb3 Kg7 37. Rxa1 Rxa1 38. Rb1 Ra3 39. Bb3 h4 40. Kg1 Qb7 41. Qd1 Qa7 42. Qf3 Qb8 43. Qd1 Qa7 44. Qf3 1/2-1/2

[Event "32nd Reykjavik Open 2017"]
[Site "Reykjavik"]
[Date "2017.04.27"]
[Round "10"]
[White "Landa, Konstantin"]
[Black "Kunte, Abhijit"]
[Result "1/2-1/2"]
[WhiteElo "2611"]
[BlackElo "2491"]
[Annotator "TA"]
[PlyCount "90"]
[EventDate "2017.??.??"]
[EventType "swiss"]
[EventCountry "ISL"]
[SourceTitle "playchess.com"]
[Source "ChessBase"]
[SourceQuality "1"]

{[%evp 22,90,10,7,47,57,57,58,37,39,46,31,51,34,37,37,42,34,45,41,71,70,121,120,120,120,121,121,121,121,121,121,124,124,124,117,122,126,152,158,154,164,145,138,166,166,172,172,187,187,186,186,194,159,204,161,166,8,8,8,8,8,12,0,0,0,0,0,0,0,0]} 1. d4 Nf6 2. c4 e6 3. Nc3 Bb4 4. Nf3 c5 5. g3 cxd4 6. Nxd4 O-O 7. Bg2 d5 8. Qb3 Bxc3+ 9. Qxc3 e5 10. Nb3 Nc6 11. Bg5 d4 {E20: Nimzo-Indian: 4 g3 and 4 f3} 12. Qf3 {LiveBook: 10 Games} h6 $146 (12... Rb8 $5 {with more complications.} 13. O-O Bg4 14. Qxg4 Nxg4 15. Bxd8 Rfxd8 16. Nc5 Nf6) (12... Be6 13. Rc1 Rc8 14. O-O b6 15. Nd2 h6 16. Bxf6 Qxf6 17. Qxf6 gxf6 18. Ne4 f5 19. Nd6 {½-½ (62) Ivanchuk,V (2729)-Topalov,V (2801) Wijk aan Zee 2006}) 13. Bxf6 $1 Qxf6 {White is slightly better.} 14. Qxf6 gxf6 15. Bxc6 bxc6 16. Nc5 Kg7 17. f3 Be6 18. b3 a5 19. Kf2 ({Much worse is} 19. Nxe6+ fxe6 20. Rb1 Rfb8 $11) 19... Rfb8 20. Rhc1 ({Reject} 20. Nxe6+ fxe6 21. Ke1 c5 $15) 20... Rb4 21. e3 a4 (21... dxe3+ $1 $14 22. Kxe3 h5) 22. exd4 $16 exd4 23. Nxa4 Bxc4 24. a3 Rbxa4 25. bxa4 ({Much weaker is} 25. Rxc4 $6 Rxc4 26. bxc4 Ra4 $15) 25... Rxa4 {[%mdl 4096] Endgame KRR-KRB} 26. Rcb1 {Black must now prevent Rb4.} c5 27. Rc1 f5 28. Rc2 Kf6 29. Rac1 Be6 {...c4 would now be nice for Black.} 30. Rxc5 Rxa3 31. Rd1 Ra2+ 32. Kg1 Ra4 33. Rd2 Ke7 34. Kg2 Kd6 35. Rb5 Bd5 36. Kf2 Rc4 37. Ra5 Be6 38. Kg2 Bd5 39. Kh3 $2 {[#]} (39. Ra7 $18) 39... Bxf3 $11 {The position is equal.} 40. Rxf5 Be4 41. Rxf7 d3 42. Rf8 Ke5 43. Rd8 Bf5+ 44. g4 Rxg4 45. Rf8 Rg8+ 1/2-1/2